000 00239nam a2200097Ia 4500
001 709338
005 20250826162545.0
008 250824s9999 xx 000 0 und d
245 0 _aAYKIRI OYUNCAKLAR
_cEKREM GÜNEŞ
260 _bTUDEM YAYINLARI
999 _c709338
_d709338